000 00646nam a2200265Ia 4500
005 20260121165815.0
008 008 260114s9999 xx 000 0 eng d
020 _a9781493936342
037 _aEBOOK
040 _aCRL
040 _beng
040 _cCRL
041 _2eng
041 _aeng
084 _qCRL
100 _aKenneth A. Howard, Thomas Vorup-Jensen, Dan Peer
_91056264
245 0 _aNanomedicine
260 _bSpringer
260 _bSpringer
260 _c2016
856 _uhttps://link.springer.com/openurl?genre=book&isbn=978-1-4939-3634-2
942 _cEBOOK
999 _c1621992
_d1621992